To Make Noise (Sing) - Hozier (All Lyrics) - Statistics

General Stats
  • This quiz has been taken 2 times
  • The average score is 327 of 354
Answer Stats
Lyrics % Correct
a
100%
along
100%
Any
100%
any
100%
as
100%
At
100%
awful
100%
back,
100%
Be
100%
be
100%
best,
100%
bring,
100%
bring
100%
brought
100%
But
100%
but,
100%
call
100%
claim
100%
clouds
100%
could
100%
couldn't
100%
don't
100%
find
100%
first
100%
for
100%
fuck
100%
funny
100%
have
100%
head
100%
hear
100%
heard
100%
heart
100%
honey,
100%
Honey,
100%
hope
100%
I
100%
"I
100%
it?
100%
it
100%
it?)
100%
it)
100%
its
100%
joy
100%
joy?
100%
just
100%
(Just
100%
know
100%
look
100%
makin'
100%
melody
100%
mouth
100%
move
100%
nice
100%
noise
100%
of
100%
or
100%
Or,
100%
put
100%
remedy
100%
Remember
100%
(Remember
100%
right
100%
same
100%
sing
100%
sing,
100%
Sing,
100%
So
100%
song
100%
sound
100%
strong
100%
sweet
100%
that
100%
the
100%
"The
100%
tilt
100%
time
100%
to
100%
To
100%
voice
100%
Was
100%
was
100%
we
100%
when
100%
who
100%
Who
100%
will
100%
words
100%
world
100%
worst,
100%
would
100%
Wouldn't
100%
wrong?
100%
you
100%
You
100%
you'd
100%
you'll
100%
Your
100%
your
100%
act
50%
again?
50%
again
50%
always
50%
And
50%
around
50%
ask
50%
before
50%
Blues"
50%
brave
50%
carried
50%
choose
50%
didn't
50%
emptiness
50%
even
50%
feel
50%
feeling
50%
felt
50%
Fisherman's
50%
grave
50%
groove
50%
in
50%
little
50%
love
50%
Lover"
50%
music
50%
name
50%
on
50%
our
50%
play
50%
saved
50%
scuff
50%
shoes
50%
side
50%
stick
50%
this
50%
until
50%
up
50%
Wanna
50%
we'd
50%
whatever
50%
unbroken
0%
No matching quizzes found
Score Distribution
Percent of People with Each Score
Percentile by Number Answered
Your Score History
You have not taken this quiz